| 000 | 00519nam a2200181Ia 4500 | ||
|---|---|---|---|
| 999 |
_c6168 _d6168 |
||
| 003 | OSt | ||
| 005 | 20200106124514.0 | ||
| 008 | 190216s9999||||xx |||||||||||||| ||und|| | ||
| 020 | _a8125909427 | ||
| 040 | _coclc | ||
| 082 |
_a332.6 _bRAM/I |
||
| 100 |
_aRaman, V N S _91080 |
||
| 245 | 0 |
_aInvestment Principles And Techniques / _cV N S Raman |
|
| 260 |
_bVikas Publishing House, _c2002. _aNew Delhi: |
||
| 300 | _a462p | ||
| 650 | _xInvestments | ||
| 942 |
_cBK _2ddc _h332.6 _iRAM/I _k332.6 _mRAM/I |
||